000 01380nam0a2200385 4500
001 RU\NLR\bibl\166541
005 20250618055120.0
010 _a5-900053-023-1
021 _aRU
_b2001-11034
_9520
035 _a(NLR Aleph) 000163358
090 _a939993
_c939993
100 _a20010521d2000 |||y0rusy50 ca
101 0 _arus
102 _aRU
105 _aa |||||||||
200 1 _aАрматура железобетонных конструкций
_fС. А. Мадатян
210 _aМ.
_cВоентехлит
_d2000
215 _a256 с.
_cил.
_d21
320 _aБиблиогр.: с. 243-254
606 0 _aЖелезобетонные конструкции
_xАрматура
_92210941
_3RU\NLR\auth\661328142
606 0 _aЖелезобетонная арматура
_91015452
_3RU\NLR\auth\6669538
606 0 _aАрматурная сталь
_91015588
_3RU\NLR\auth\6669611
610 0 _aЖелезобетонные конструкции напряженно-армированные
675 _a693.554
_v3
_zrus
686 _a67.13
_2rugasnti
686 _a38.626.1
_2rubbk
686 _aН530.1
686 _aК222.235
700 1 _aМадатян
_gСергей Ашотович
_4070
801 0 _aRU
_bRKP
_c20010521
_gPSBO
801 1 _aRU
_bRKP
_c20010521
801 2 _aRU
_bNLR
_c20041007
_grcr
942 _cBOOK
980 _aNB